| 000 | 00360nam a2200145Ia 4500 | ||
|---|---|---|---|
| 008 | 240624s9999 xx 000 0 und d | ||
| 041 | _aeng | ||
| 082 | _a658 BOR | ||
| 100 | _aBORRINGTON KAREN | ||
| 245 | _aIGCSE BUSINESS STUDIES | ||
| 250 | _a(3rd ed.) | ||
| 260 |
_c2006 _aLondan _bHodder Murray |
||
| 300 | _axvi, : 440 : p. : cm. ; 27 | ||
| 365 |
_cRS _b33 |
||
| 999 |
_c11398 _d11398 |
||